Responses for Show #327 - Tuesday, December 10, 1985

Contestants

David Church, a management consultant from Pomona, California

Michael deHaven Newsom, a law professor from Chevy Chase, Maryland

Sister Carol Cimino, a director of development from Rochester, New York (whose 1-day cash winnings total $599)

[next game >>]

Jeopardy! Round responses

BODIES OF WATER
CHOCOLATE
1932
PROVERBIAL ANATOMY
WEATHER
"BULL"
    $100 7
Okefenokee Swamp

Michael
    $100 17
Spain

Sister Carol
    $100 22
Radio City Music Hall

Michael
    $100 12
a hand

Sister Carol
    $100 2
March

Sister Carol
    $100 1
bull session

Michael
    $200 8
(David: What is the Dead Sea?)

Sea of Galilee

Sister CarolDavid
    $200 18
Hershey

David
    $200 23
Dow Jones

David
    $200 13
the head

Michael
    $200 3
50%

Michael
    $200 27
(David: What is a sword?)
(Sister Carol: What is a [*]?)
(Alex: Be more specific.)
...
[The end-of-round signal sounds.]

bullwhip

Sister CarolDavid
    $300 9
Ohio River

Michael
    $300 19
World War II

David
    $300 24
handshake

David
    $300 14
eyes

Sister Carol
    $300 4
(David: What is autumn?)

Indian summer

Sister CarolDavid
    $400 10
Hudson Bay

Michael
    $400 20
cacao

Sister Carol
    $400 25
cosmic rays

Triple Stumper
    $400 15
tongue

Sister Carol
    $400 5
precipitation

Michael
    $500 11
Grand Canyon

Sister Carol
    $500 21
(David: What is butter fat?)

cocoa butter

David
Triple Stumper
    $500 26
(David: Um, Marie Dressler. Who is who are Marie Dressler & [*]?)

(2 of) Wallace Beery, Greta Garbo, John Barrymore, Lionel Barrymore, Joan Crawford, Lewis Stone, Jean Hersholt

David
    $500 16
teeth

Triple Stumper
    $500 6
(Sister Carol: What is the aurora borealis?)

moonbow

Sister Carol
Triple Stumper

Scores at the first commercial break (after clue 11):

Sister Carol Michael David
$600 $1,500 -$500

Scores at the end of the Jeopardy! Round:

Sister Carol Michael David
$2,100 $1,800 -$700

Double Jeopardy! Round responses

U.S. CITIES
SPORTS
INVENTIONS
COLONIAL EMPIRES
MOVIE MUSICALS
GAS
    $200 1
Washington, D.C.

Michael
    $200 10
(David: What is football?)

baseball

David
Triple Stumper
    $200 15
blender

Triple Stumper
    $200 16
Canada

Michael
    $200 5
(Sister Carol: What is [*]?)
(Alex: Helium.)
(Sister Carol: I'll try Gas for 4.)
(Alex: Whoa. Hold on. The answer is 2 of the 4.)

(2 of) Helium, hot air, hydrogen, natural gas

Sister Carol
    $400 2
Yonkers

Sister Carol
    $400 11
South Carolina

Michael
    $400 21
Pyrex

Triple Stumper
    $400 17
Germany

Sister Carol
    $400 6
pressure

Michael
    $600 3
St. Petersburg

Sister Carol
    $600 12
pinch-hitter

David
    $600 22
census

Triple Stumper
    $600 18
Netherlands

Sister Carol
    $700 7
(Alex: [Before reading the clue] Listen to this piece of music.)
...
(Michael: What is swamp gas?)
(Alex: How unfortunate you didn't remember the hit song by Mason Williams called [*].)

"Classical Gas"

Michael
    $800 4
...
(Alex: Francis, yes.)

Marion

Sister Carol
    $800 13
Janet Guthrie

David
    $800 24
(Sister Carol: What is the adding machine?)
(Michael: What is a copying machine?)

mimeograph machine

Sister CarolMichael
Triple Stumper
    $800 19
France

Michael
    $800 8
hydrogen cyanide

David
    $1000 23
Lansing

Michael
    $1000 14
Jack Johnson

Michael
    $1000 25
[The end-of-round signal sounds.]

tear gas

Sister Carol
    $1,000 20
French Guiana

Michael
    $1000 9
Baltimore, Maryland

Triple Stumper

Scores at the end of the Double Jeopardy! Round:

Sister Carol Michael David
$5,300 $5,300 $1,300

[wagering suggestions for these scores]

Final Jeopardy! Round responses

LANGUAGES
DavidWhat is Italian?
$0
MichaelWhat is French?
$3,800
Sister CarolWhat is Italian?
$4,000
Italian

Final scores:

Sister Carol Michael David
$9,300 $1,500 $1,300
2-day champion: $9,899 2nd place: Panasonic VHS camera recorder & selection of video cassettes 3rd place: vacation in Palm Springs

Game dynamics:

Coryat scores:

Sister Carol Michael David
$5,300 $6,000 $1,800
17 R,
2 W
16 R
(including 1 DD),
2 W
(including 1 DD)
7 R,
6 W
(including 1 DD)

Combined Coryat: $13,100

[game clues] [game scores] [suggest correction]

Game tape date: 1985-08-19
The J! Archive is created by fans, for fans. Scraping, republication, monetization, and malicious use prohibited; this site may use cookies and collect identifying information. See terms. The Jeopardy! game show and all elements thereof, including but not limited to copyright and trademark thereto, are the property of Jeopardy Productions, Inc. and are protected under law. This website is not affiliated with, sponsored by, or operated by Jeopardy Productions, Inc. Join the discussion at JBoard.tv.